| 000 | 01171cam a2200289 i 4500 | ||
|---|---|---|---|
| 001 | TB12226 | ||
| 003 | IN-BhIIT | ||
| 005 | 20260312160649.0 | ||
| 008 | 190426r20191958nyu 001 0 eng | ||
| 020 | _a9780486836614 (v. 1) | ||
| 040 | _aIN-BhIIT | ||
| 041 | _aeng | ||
| 082 | 0 | 0 |
_a512.44 _bZAR/C |
| 100 | 1 |
_aZariski, Oscar, _eAuthor. _925025 |
|
| 245 | 1 | 0 |
_aCommutative algebra / _cOscar Zariski and Pierre Samuel ; with the cooperation of I.S. Cohen. |
| 250 | _aDover edition [2019 edition]. | ||
| 260 |
_aNew York : _bDover Publications, _c2019. |
||
| 300 |
_a2 volumes ; _c23 cm. |
||
| 490 | 0 | _aDover books on mathematics | |
| 500 | _aOriginally published: Princeton, N.J. : Van Nostrand Company, Inc., 1958-1960. Reprinted: New York : Springer-Verlag, 1975-1976. | ||
| 500 | _aIncludes indexes. | ||
| 504 | _aIncludes bibliographical references and index. | ||
| 505 | 0 | _aIntroductory concepts -- Elements of field theory -- Ideals and modules -- Noetherian rings -- Valuation theory -- Polynomial and power series rings -- Local algebra. | |
| 650 | 0 |
_aCommutative algebra _924975 |
|
| 700 | 1 |
_aSamuel, Pierre, _eJoint author. _925026 |
|
| 942 |
_cTB _04 |
||
| 999 |
_c14555 _d14555 |
||